000 00595nam a22002057a 4500
003 OSt
005 20140310182351.0
008 130930t xxu||||| |||| 00| 0 eng d
020 _a0746013582
050 _aQ 173
_b.D752 1993
082 _aGS 507.8
_bD76 1993
100 _aDowswell, Paul
_922161
245 _aThe Usborne science quizbook /
_cPaul Dowswell.
260 _aEngland :
_bUsborne Pub. Ltd,
_c1993.
300 _a32 p. :
_bcol. ill. ;
_c28 cm.
650 _aScience
_xMiscellanea.
_922162
650 _aQuestions and answers.
_94945
942 _2lcc
_cBK-GS
999 _c12358
_d12358